<?xml version="1.0" encoding="UTF-8"?>
<record
    xmlns:xsi="http://www.w3.org/2001/XMLSchema-instance"
    xsi:schemaLocation="http://www.loc.gov/MARC21/slim http://www.loc.gov/standards/marcxml/schema/MARC21slim.xsd"
    xmlns="http://www.loc.gov/MARC21/slim">

  <leader>01633nam a22003017a 4500</leader>
  <controlfield tag="005">20101206113148.0</controlfield>
  <controlfield tag="008">101206t        xxu||||| |||| 00| 0 hin d</controlfield>
  <datafield tag="010" ind1=" " ind2=" ">
    <subfield code="a">HIN-91580</subfield>
  </datafield>
  <datafield tag="020" ind1=" " ind2=" ">
    <subfield code="c">195.00</subfield>
    <subfield code="a">9788183221498</subfield>
  </datafield>
  <datafield tag="035" ind1=" " ind2=" ">
    <subfield code="a">HN-63926</subfield>
  </datafield>
  <datafield tag="037" ind1=" " ind2=" ">
    <subfield code="b">DBAD/VEN</subfield>
  </datafield>
  <datafield tag="040" ind1=" " ind2=" ">
    <subfield code="a">DPL</subfield>
    <subfield code="b">HN</subfield>
  </datafield>
  <datafield tag="100" ind1=" " ind2=" ">
    <subfield code="9">24598</subfield>
    <subfield code="a">&#x91F;&#x94D;&#x930;&#x947;&#x938;&#x940;, &#x92C;&#x94D;&#x930;&#x93E;&#x92F;&#x928;</subfield>
  </datafield>
  <datafield tag="245" ind1=" " ind2=" ">
    <subfield code="a">&#x905;&#x927;&#x93F;&#x915;&#x924;&#x92E; &#x938;&#x92B;&#x932;&#x924;&#x93E; /</subfield>
    <subfield code="c">&#x92C;&#x94D;&#x930;&#x93E;&#x92F;&#x928; &#x91F;&#x94D;&#x930;&#x947;&#x938;&#x940;; &#x938;&#x941;&#x927;&#x940;&#x930; &#x926;&#x940;&#x915;&#x94D;&#x937;&#x93F;&#x924; &#x90F;&#x935;&#x902; &#x930;&#x902;&#x91C;&#x928;&#x940; &#x926;&#x940;&#x915;&#x94D;&#x937;&#x93F;&#x924; &#x926;&#x94D;&#x935;&#x93E;&#x930;&#x93E; &#x905;&#x928;&#x941;&#x926;&#x93F;&#x924;</subfield>
  </datafield>
  <datafield tag="246" ind1=" " ind2=" ">
    <subfield code="a">Adhiktam Safalta</subfield>
    <subfield code="b">Brian Tracy</subfield>
  </datafield>
  <datafield tag="260" ind1=" " ind2=" ">
    <subfield code="a">&#x92D;&#x94B;&#x92A;&#x93E;&#x932;</subfield>
    <subfield code="b">&#x92E;&#x902;&#x91C;&#x941;&#x932; &#x92A;&#x92C;&#x94D;&#x932;&#x93F;&#x936;&#x93F;&#x902;&#x917; &#x939;&#x93E;&#x909;&#x938;</subfield>
    <subfield code="c">2010</subfield>
  </datafield>
  <datafield tag="270" ind1=" " ind2=" ">
    <subfield code="a">42 &#x92E;&#x93E;&#x932;&#x935;&#x940;&#x92F; &#x928;&#x917;&#x930;</subfield>
    <subfield code="b">&#x92D;&#x94B;&#x92A;&#x93E;&#x932;</subfield>
    <subfield code="e">462003</subfield>
    <subfield code="k">91 755 4240340</subfield>
    <subfield code="l">91 755 4055791</subfield>
    <subfield code="m">manjul@manjulindia.com</subfield>
  </datafield>
  <datafield tag="300" ind1=" " ind2=" ">
    <subfield code="a">392&#x92A;&#x943;.</subfield>
    <subfield code="c">22&#x938;&#x947;&#x92E;&#x940; (&#x905;&#x91C;&#x93F;&#x932;&#x94D;&#x926;)</subfield>
  </datafield>
  <datafield tag="500" ind1=" " ind2=" ">
    <subfield code="a">&#x938;&#x92B;&#x932;&#x924;&#x93E; &#x92A;&#x93E;&#x928;&#x947; &#x915;&#x940; &#x930;&#x923;&#x928;&#x940;&#x924;&#x93F;&#x92F;&#x93E;&#x901; &#x914;&#x930; &#x92F;&#x94B;&#x917;&#x94D;&#x92F;&#x924;&#x93E;&#x90F;&#x901;, &#x91C;&#x94B; &#x906;&#x92A;&#x915;&#x940; &#x91B;&#x93F;&#x92A;&#x940; &#x939;&#x941;&#x908; &#x936;&#x915;&#x94D;&#x924;&#x93F;&#x92F;&#x94B;&#x902; &#x915;&#x947; &#x926;&#x930;&#x935;&#x93E;&#x91C;&#x93C;&#x947; &#x916;&#x94B;&#x932; &#x926;&#x947;&#x902;&#x917;&#x940;</subfield>
  </datafield>
  <datafield tag="650" ind1=" " ind2=" ">
    <subfield code="9">1169</subfield>
  </datafield>
  <datafield tag="700" ind1=" " ind2=" ">
    <subfield code="9">24599</subfield>
    <subfield code="a">&#x926;&#x940;&#x915;&#x94D;&#x937;&#x93F;&#x924;, &#x938;&#x941;&#x927;&#x940;&#x930; </subfield>
  </datafield>
  <datafield tag="700" ind1=" " ind2=" ">
    <subfield code="9">25390</subfield>
    <subfield code="a">&#x926;&#x940;&#x915;&#x94D;&#x937;&#x93F;&#x924;, &#x930;&#x902;&#x91C;&#x928;&#x940;</subfield>
  </datafield>
  <datafield tag="700" ind1=" " ind2=" ">
    <subfield code="9">25450</subfield>
  </datafield>
  <datafield tag="700" ind1=" " ind2=" ">
    <subfield code="9">25451</subfield>
  </datafield>
  <datafield tag="942" ind1=" " ind2=" ">
    <subfield code="2">ddc</subfield>
    <subfield code="c">HN</subfield>
    <subfield code="m">158.1&#x91F;&#x94D;&#x930;&#x947;&#x938;&#x940;&#x92C;&#x94D;&#x930;&#x93E;</subfield>
  </datafield>
  <datafield tag="999" ind1=" " ind2=" ">
    <subfield code="c">50019</subfield>
    <subfield code="d">50019</subfield>
  </datafield>
  <datafield tag="952" ind1=" " ind2=" ">
    <subfield code="0">0</subfield>
    <subfield code="1">0</subfield>
    <subfield code="2">ddc</subfield>
    <subfield code="4">0</subfield>
    <subfield code="7">1</subfield>
    <subfield code="8">NFIC</subfield>
    <subfield code="a">DBAD</subfield>
    <subfield code="b">DBAD</subfield>
    <subfield code="d">2011-01-24</subfield>
    <subfield code="e">DBAD /PUB</subfield>
    <subfield code="g">195.00</subfield>
    <subfield code="l">0</subfield>
    <subfield code="o">158.1&#x91F;&#x94D;&#x930;&#x947;&#x938;&#x940;&#x92C;&#x94D;&#x930;&#x93E;</subfield>
    <subfield code="p">HN-63926</subfield>
    <subfield code="r">2011-01-24 00:00:00</subfield>
    <subfield code="t">1</subfield>
    <subfield code="v">195.00</subfield>
    <subfield code="y">HN</subfield>
  </datafield>
</record>
